00530nam a22001817a 450000500170000001000170001702000260003403500170006003700240007708200080010110000180010924500460012726000330017326000440020627000580025030000220030850000180033020120118114858.0 aB-470586-606 a9781445431420c250.00 aB-470586-606 adplbBlue Berry/Ven a612 aParker, Steve aHuman body encyclopedia:cby Steve Parker aBath BK, UK.bParragonc2011 aMumbai:bShree Book Centre, Dist.c2011 aQuen Street House, 4 Queen Street, bBath BAI IHE, UK a144p.c24 cm (Hb) aInclude index